Jaskyniarske kalendárium pre rok 2001

Bibliographic Details
Main Author: Lalkovič, Marcel, 1944-2016 (Author)
Format: Article
Language:Slovak
PhysicalDescription:Fotogr.
ISBN:80-88924-23-5
Subjects:

MARC

LEADER 00000nab a2200000 a 4500
001 vtls008418862
003 SK-MaSNL
005 20260303070053.0
008 140301c2002 xo |r|p|||||||100 b|slo
015 |a SNBRB2005/11  |2 snkbucl 
038 |a SNKBUCL 
040 |a SNKBUCL  |b slo  |c SNKBUCL  |e AACR2 
041 0 |a slo 
044 |a xo  |c SK 
080 |a 551.44  |2 1981 
100 1 |a Lalkovič, Marcel,  |d 1944-2016  |4 aut  |9 216382 
245 1 0 |a Jaskyniarske kalendárium pre rok 2001  |c Marcel Lalkovič 
300 |a Fotogr. 
650 0 7 |a speleológia  |2 snkbucl  |9 17878 
650 0 7 |a kalendária  |2 snkbucl  |9 886168 
773 0 |t Sinter 10  |d Liptovský Mikuláš : Slovenské múzeum ochrany prírody a jaskyniarstva, 2002  |g S. 16-22  |z 80-88924-23-5 
852 |a SNK  |b KIS3GCP 
999 |c 1753797  |d 1755727